000 00624cam a22002291 4500
001 af 47007086
003 DLC
005 20260227110840.0
008 870410s1944 it b 000 0 ita c
010 _aaf 47007086
035 _a(OCoLC)15514415
040 _aNew York. Public Library
_cMWelC
_dDLC
042 _apremarc
050 0 0 _aDG611.5
_b.S5
100 1 _aSivieri, Lamberto.
245 0 2 _aI Savoia dalle origini alla fine.
260 _aRoma,
_bLibreria politica moderna
_c[1944]
300 _a160 p.
_c21 cm.
504 _aBibliographical footnotes.
600 3 0 _aSavoy, House of.
651 0 _aItaly
_xHistory.
999 _c3823
_d3823